Hội thảo quốc gia : Sử dụng hiệu quả phân bón Văn Điển ở Việt Nam
Gồm 43 bài viết trình bày những vấn đề chung về phân lân và phân lân nung chảy, sử dụng phân lân nung chảy và các loại phân bón hỗn hợp có chứa phân lân nung chảy cho cây trồng ở Việt Nam.
Đã lưu trong:
| Formáid: | Leabhar |
|---|---|
| Teanga: | Undetermined |
| Foilsithe: |
Hà Nội
Nông nghiệp
2015
|
| Ábhair: | |
| Clibeanna: |
Cuir Clib Leis
Gan Chlibeanna, Bí ar an gcéad duine leis an taifead seo a chlibeáil!
|
| Thư viện lưu trữ: | Trung tâm Học liệu Trường Đại học Cần Thơ |
|---|
| LEADER | 00842nam a2200181Ia 4500 | ||
|---|---|---|---|
| 001 | CTU_211315 | ||
| 008 | 210402s9999 xx 000 0 und d | ||
| 082 | |a 631.816 | ||
| 082 | |b H452 | ||
| 245 | 0 | |a Hội thảo quốc gia : | |
| 245 | 0 | |b Sử dụng hiệu quả phân bón Văn Điển ở Việt Nam | |
| 260 | |a Hà Nội | ||
| 260 | |b Nông nghiệp | ||
| 260 | |c 2015 | ||
| 520 | |a Gồm 43 bài viết trình bày những vấn đề chung về phân lân và phân lân nung chảy, sử dụng phân lân nung chảy và các loại phân bón hỗn hợp có chứa phân lân nung chảy cho cây trồng ở Việt Nam. | ||
| 650 | |a Fertilizers,Phân bón | ||
| 904 | |i Lư Phạm Mỹ Dung,Hải | ||
| 980 | |a Trung tâm Học liệu Trường Đại học Cần Thơ | ||